F.R.I.E.N.D.S - The one with all the quotes - Statistics

General Stats
  • This quiz has been taken 467 times
  • The average score is 10 of 15
Answer Stats
Quote Character % Correct
"Hey buddy, this is a family place. Put the mouse back in the house." Gunther
87%
"I'm sorry. Did my back hurt your knife?" Rachel
86%
"Well, I gotta buy a vowel because oh...my GOD!" Janice
84%
"He may not be my soulmate, but a girl's gotta eat." Phoebe
78%
"Oh my God! There's a toe in my kitchen." Judy
77%
"I tried attacking two women. Did not work." Ross
77%
"Hey, check me out. I'm a slut." Monica
75%
"All right, I took the quiz. And it turns out I do put career before men." Chandler
73%
"You know what would be incredible? If you guys died." Amy
72%
"Halloween is stupid. Dressing up, pretending to be someone you're not." Joey
72%
"Don't you have a little too much penis to be wearing a dress like that? Nora
61%
"I throw myself at you and you say no. How gay are you?" Jill
51%
"That accident must have been terrible! You look positively ghastly." Amanda
49%
"Really, I'm a pretty nice guy. Just ask my parole officer." Mike
34%
"Don't look so surprised. I'm a lovely person." Susan
34%
No matching quizzes found
Score Distribution
Percent of People with Each Score
Percentile by Number Answered
Your Score History
You have not taken this quiz